000 00595nam a2200169 i 4500
001 38785
003 ES-MaACL
005 20230906155823.0
007 t|
008 030226s1875 sp ||||1| spa d
110 2 _aInstituto Provincial de Segunda Enseñanza de Burgos.
_9144975
245 1 0 _aEstado del Instituto de Burgos en el curso de 1874 a 1875 /
_cEusebio Camarero y García.
260 _aBurgos :
_bArnaiz,
_c1875.
610 2 4 _aInstituto Provincial de Segunda Enseñanza de Burgos-
_vMemorias.
_9144972
700 0 _aCamarero y García, Eusebio.
_934007
852 _aES-MaACL
_jT-176-F-3
999 _c38785
_d38785